| 000 | 00780cam a2200229 4500 | ||
|---|---|---|---|
| 020 | _a0471675857 | ||
| 082 | 0 | 0 |
_a624.15 _bPEC |
| 100 | 1 |
_aPeck, Ralph B. _926657 |
|
| 245 | 1 | 0 |
_aFoundation engineering _c[by] Ralph B. Peck, Walter E. Hanson [and] Thomas H. Thornburn. |
| 250 | _a2d ed. | ||
| 260 |
_aNew York, _bWiley _c[1974] |
||
| 300 |
_axxiii, 514 p. _billus. _c26 cm. |
||
| 526 |
_a0 _b0 _c0 _d624_150000000000000_PEC |
||
| 526 |
_a0 _b0 _c0 _d624_150000000000000_PEC |
||
| 650 | 0 |
_aFoundations. _9892 |
|
| 650 | 0 |
_aMCE _9379 |
|
| 700 | 1 |
_aHanson, Walter Edmund, _926658 |
|
| 700 | 1 |
_aThornburn, Thomas H. _926659 |
|
| 856 | 4 | _uhttp://www.loc.gov/catdir/toc/onix04/73009877.html | |
| 856 | 4 | 2 | _uhttp://www.loc.gov/catdir/enhancements/fy0607/73009877-d.html |
| 942 |
_2ddc _cBK |
||
| 999 |
_c546302 _d546302 |
||